| 000 | 00463nam a22001457a 4500 | ||
|---|---|---|---|
| 008 | 230608b |||||||| |||| 00| 0 eng d | ||
| 040 |
_aNational Science Library _cNational Science Library |
||
| 080 |
_a620.91.001.5(047.1) _bL9.1 |
||
| 245 |
_aEnergy research and development programme: _bSecond status report 1975-1978 |
||
| 260 |
_aThe Hague: _bMartinus Nijhoff, _c1979 |
||
| 300 | _a339p. | ||
| 650 | _aScience | ||
| 653 | _aSolar energy | ||
| 942 |
_2udc _cBK |
||
| 999 |
_c41208 _d41208 |
||